000
00239nam a2200097Ia 4500
001
789125
005
20250826170412.0
008
250824s9999 xx 000 0 und d
245
0
_a
VAZGEÇTİM
_c
KAHRAMAN TAZEOĞLU
260
_b
DESTEK YAYINLARI
999
_c
789125
_d
789125